000 00939nam a22002057a 4500
999 _c59395
_d59395
003 Ge_BSU
005 20230208165030.0
008 230208s2003 ge ||||| |||| 00| 0 geo d
020 _a9994017144
041 _ageo
080 _a347.95 ბ-78
100 _aბოელინგი, ჰაინ
_96386
245 _aსამოქალაქო საქმეებზე სასამართლო გადაწყვეტილებათა მიღების მეთოდიკა /
_cჰაინ ბოელინგი, ლადო ჭანტურია.
264 _aთბილისი :
_bჯისიაი,
_c 2003.
300 _a264 გვ. ;
_b21 სმ.
653 _aსასამართლო გადაწყვეტილებები
653 _aსამართალი
700 _aჭანტურია, ლადო,
_eავტორი
_916871
942 _2udc
_cBK